000
00286nam a22001337a 4500
008
170424b xxu||||| |||| 00| 0 eng d
020
_a
2400030743669
041
_a
eng
080
_2
7TH
_a
577
100
_a
12
101
_a
SHM
245
_a
BIOCHEMISTRY
_c
BERG, J.M
942
_2
udc
_c
BK
999
_c
11704
_d
11704